000 00455nam a22001457a 4500
008 150528b xxu||||| |||| 00| 0 eng d
080 _a343.983
100 _aGraves, Pat R.
245 _aMicrosoft Office PowerPoint 2007 :
_cPat. R. Graves, Amie Mayhall.
260 _aBoston :
_bMcGraw-Hill Higher Education,
_cc2008.
300 _axl, 556 f. :
_bme il. ;
_c28 cm.
650 0 _aPresentation graphics software.
700 _aGraves, Pat R.
942 _2udc
_cBK
999 _c918
_d918